İz bırakan mülki idare amirleri (Record no. 5816)

MARC details
000 -BAŞLIK
Sabit Uzunlukta Kontrol Alanı 00750na a2200229 4500
001 - KONTROL NUMARASI
Denetim Alanı 18860
003 - KONTROL NUMARASI IDENTIFIER
Denetim Alanı MIRAKIL
005 - SON İŞLEM TARİHİ VE ZAMANI
Denetim Alanı 20181213155048.0
008 - SABİT-BOY VERİ ELEMANLARI - GENEL BİLGİLER
Sabit Uzunlukta Kontrol Alanı 161202b tu 000 0
020 ## - ULUSLARARASI STANDART KİTAP NUMARASI
Uluslararası Standart Kitap Numarası 9757565083
040 ## - KATALOGLAMA KAYNAK
Orijinal Kataloglama Ajansı Milas
Kataloglama Dili tur
Metne Dönüştürmek Ajansı TR-AnCHP
041 ## - DİL KODU
Metin / Ses Parça Veya Ayrı Başlığın Dil Kodu tur
082 ## - DEWEY ONLU SINIFLANDIRMA NUMARASI
Sınıflandırma Numarası 353.920922
Ürün Numarası A42i 1990
090 ## - SINIFLAMA NUMARASI
Sınıflama Numarası 353.920922 A42i 1990
100 ## - ANA GİRİŞ - KİŞİSEL İSİM
Kişisel Ad Aldan, Mehmet
245 ## - BAŞLIK TABLOSU
Başlık İz bırakan mülki idare amirleri
260 ## - YAYIN, DAĞITIM, VB
Yayın, Dağıtım, Vb Yeri Ankara
Yayıncı, Dağıtıcı, Vs Adı TC İçişleri Bakanlığı Araştırma, Planlama ve Koordinasyon Kurulu Başkanlığı
Yayın, Dağıtım, Vb Tarihi 1990
300 ## - FİZİKSEL TANIM
Kapsam VII, 560 s.
Boyutlar 24 sm.
440 ## - SERİSİ TABLOSU / KATMA GİRİŞİ - BAŞLIK
Başlık TC İçişleri Bakanlığı
Bir İşin Parçası / Bölümün İsmi Araştırma, Planlama ve Koordinasyon Kurulu Başkanlığı
Hacim / Ardışık Tanımı yayın no genel : 438
650 ## - KONU KATMA GİRİŞ - TOPİKAL DÖNEM
Topikal Süreli Veya Coğrafi Ad Giriş Elemanı Mülki idare
942 ## - EKLENDİ GİRİŞ ELEMANLARI (KOHA)
Sınıflandırma Veya Raf Düzeni Kaynak Dewey Decimal Classification
Koha Öğesi Türü Books
999 ## - SİSTEM KONTROL NUMARALARI (KOHA)
Koha Biblionumber 5816
Koha Biblioitemnumber 5816
Holdings
Kalıcı Konum Mevcut Konum Edinme Tarihi Edinim Kaynak Toplam Check-Out'Lar Tam Çağrı Numarası Barkod Tarih Son Görülme İtibaren Geçerli Fiyatlar Koha Öğesi Türü
CHP Kütüphanesi CHP Kütüphanesi 12/02/2016 Bağış   353.920922 A42i 1990 010093 12/02/2016 12/02/2016 Books